000 00891cam a2200241 a 4500
001 000004429
005 20200929151436.0
008 831020s1984 sp 001 1 spa
020 _z8427606809
040 _aDO-SdBNP
_cDLC
_dDLC
_dOCoLC
_dDLC
082 _a823.8
_bE42m
100 1 _aEliot, George,
_d1819-1880.
_913012
245 1 0 _aMiddlemarch /
_cGeorge Eliot ; traducción, Cristina Quintana ; introducción, Isabel Quintana.
260 _aMadrid :
_bNacional,
_c1984.
300 _a1106 p. ;
_c18 cm.
490 1 _aBiblioteca de la Literatura y el Pensamiento Universales ;
_vno. 58
650 4 _aNovela inglesa
_91071
650 4 _aLiteratura inglesa
_9498
700 1 _aQuintana, Cristina ;
_etr.
_913013
700 1 _aQuintana, Isabel,
_eintrod.
_913014
830 0 _aBiblioteca de la Literatura y el Pensamiento Universales ;
_vno. 58
_912938
910 _aCatalogación por copia / LC
999 _c4238
_d4238